| 000 | 00428nam a2200157Ia 4500 | ||
|---|---|---|---|
| 008 | 210716s2005 xx 000 0 und d | ||
| 020 | _a8185386196 | ||
| 041 | _aeng | ||
| 082 | _a658.804023 HILR | ||
| 100 | _aHill, Richard M;Alexander, Ralph S;Cross, James S. | ||
| 245 | _aIndustrial marketing. | ||
| 250 | _a1 | ||
| 260 |
_aNew Delhi _bA.I.T.B.S. Publishers & Distributors _c2005 |
||
| 300 | _a703 | ||
| 650 | _aMarketing | ||
| 999 |
_c199736 _d199736 |
||